Statistics for General Christmas Quiz

Click here to take the quiz!

General Stats

  • This quiz has been taken 310 times
  • The average score is 6 of 15

Answer Stats

QuestionAnswer% Correct
What colour are the berries of the mistletoe plant?White
82%
How many points does a snowflake have?Six
79%
What is the most famous Christmas ballet?The Nutcracker
78%
What is Scrooge's first name?Ebenezer
71%
What is the day after Christmas called?Boxing Day
70%
What continent is the turkey from?North America
62%
How do you say "Merry Christmas" in Spanish?Feliz Navidad
61%
Which ocean is Christmas island in?Indian ocean
38%
Which Christmas movie has been played more than any other?It's a wonderful life
31%
What is Santa's real name?Kris Kringle
24%
What Christmas item was invented by London baker and wedding-cake specialist Tom Smith in 1847?Christmas Cracker
18%
What is the name of Rudolph's dad?Donner
15%
What Christmas food is made from "marsh-whorts"?Cranberry sauce
4%
What are Christmas trees also known as?Yule-tree
2%
Who decided the date for Christmas would be December 25th?Pope Julius I
0%

Score Distribution

Percentile by Number Answered

Percent of People with Each Score

Your Score History

You have not taken this quiz